[Event "Southend op"]
[Site "London"]
[Date "2002.03.31"]
[Round "6"]
[White "Trent, Alan M"]
[Black "Chigorimbo, Eddie"]
[Result "0-1"]
[WhiteElo "1464"]
[BlackElo "1600"]
[PlyCount "90"]
[EventDate "2002.03.29"]
[EventType "swiss"]
[EventRounds "7"]
[EventCountry "ENG"]
[SourceTitle "EXT 2006"]
[Source "ChessBase"]
[SourceDate "2005.11.24"]
[SourceVersion "1"]
[SourceVersionDate "2005.11.24"]
[SourceQuality "1"]

1. e4 c5 2. d4 cxd4 3. c3 dxc3 4. Nxc3 Nc6 5. Nf3 d6 6. Bc4 Nf6 7. e5 dxe5 8. Qxd8+ Nxd8 9. Nb5 Rb8 10. Nxe5 e6 11. Nc7+ Ke7 12. Bd2 Nc6 13. Nxc6+ bxc6 14. 0-0 Kd7 15. Na6 Bxa6 16. Bxa6 Rxb2 17. Be3 Rb8 18. Rfd1+ Nd5 19. Bg5 Rb6 20. Be2 f6 21. Bf4 Bd6 22. Bd2 Be5 23. Rac1 Rhb8 24. Be3 Rb2 25. Bc4 a6 26. Bb3 Kc7 27. Bd2 Rxd2 28. Rxd2 Bf4 29. Rcd1 Bxd2 30. Rxd2 Ne7 31. g3 e5 32. Be6 Rd8 33. Rc2 Rd6 34. Bc4 Nd5 35. a3 a5 36. Rb2 Nb6 37. Bg8 h6 38. Bf7 Rd1+ 39. Kg2 Ra1 40. Rb3 Nd5 41. h4 a4 42. Rd3 Kd6 43. Bg6 Kc5 44. Bf7 e4 45. Rd2 Rxa3 0-1